000 00294nam a2200121Ia 4500
008 221030s9999 xx 000 0 und d
041 _aEnglish
100 _aECA/BPB
245 0 _aUpto Date CMos Data & Compariosn Tables 4000--74162244
_cby ECA/BPB
260 _c0
650 _aB
942 _cBK
999 _c14562
_d14562